00460nam a2200169Ia 4500003000400000005001700004008004100021020001800062040000600080041001200086082002200098100004300120245008100163260002600244300001100270440000900281OSt20240913103728.0240126s9999 xx 000 0 und d a9789351434245 c0 aEnglish a340.017 OMK;1 R aOmkar, Anuroop. Kritika Krishnamurthy. 4aThe art of negotiation and mediation : a wishbone, funny bone and a backbone bLexcis NexisaHaryana ax, 349 aNULL